000 01059cam a22003011 4500
001 7005
003 BD-RjUL
005 20211208234342.0
008 140113s1966 xx 001 0 eng d
035 _a(BD-RjUL)7047
035 _a(OCoLC)2482754
040 _aDLC
_cO
_dOCoLC
_dDLC
_dBD-RjUL
_beng
041 _aeng
082 0 0 _a320.973
_bSTO 1966
100 1 _aStarratt, Edith E.
_921954
245 1 0 _aOur American government today /
_cby Edith E. Starratt [and] Morris Lewenstein.
250 _a2d ed.
260 _aEnglewood Cliffs, N.J. :
_bPrentice Hall,
_c1966.
300 _axiv, 496 p. :
_billus.
_c24 cm.
500 _a"From their pens: notable documents in American government, selected and edited by James MacGregor Burns" at end of each unit.
504 _aIncludes index.
651 0 _aUnited States
_xPolitics and government
_vHandbooks, manuals, etc.
_913587
700 1 _aLewenstein, Morris K.
_ejoint author.
_921955
700 1 _aBurns, James MacGregor.
_915878
942 _2ddc
_cBK
999 _c7005
_d7005